Las instituciones financieras multilaterales y América Latina /
sin resumen
Guardado en:
| Hovedforfatter: | |
|---|---|
| Format: | Ukendt |
| Sprog: | Spanish |
| Fag: | |
| Tags: |
Tilføj Tag
Ingen Tags, Vær først til at tagge denne postø!
|
MARC
| LEADER | 00000 a2200000 04500 | ||
|---|---|---|---|
| 001 | 1928 | ||
| 003 | cru IIS | ||
| 005 | 20220215133928.0 | ||
| 008 | 220215b |||||||| |||| 00| 0 spa d | ||
| 040 | |c CRAI/IIS | ||
| 100 | 1 | |9 10248 |a Feinberg, Richard E. |e Autor | |
| 245 | 1 | 4 | |a Las instituciones financieras multilaterales y América Latina / |c Richard E. Feinberg |
| 300 | |a páginas 139-158 | ||
| 520 | |a sin resumen | ||
| 650 | 0 | |9 5723 |a INSTITUCIONES FINANCIERAS | |
| 651 | 0 | |9 17 |a AMERICA LATINA | |
| 942 | |2 ddc |c LI | ||
| 999 | |c 14327 |d 14327 | ||
| 773 | 0 | |0 44091 |9 6619 |d Caracas: Editorial Nueva Sociedad, 1987 |o MFN: 1925 |t Políticas de ajuste: | |
